000 003990000a22001450004500
090 _aAR
_b00498
245 1 0 _aSources of information
650 1 4 _aBibliografías
_993093
650 1 4 _aVeterinaria
_993538
650 1 4 _aIndices de información veterinaria
_993539
041 0 _aInglés
100 1 _aLyon, Kathy
_993540
942 _cARTICULO
773 1 _tPet. Avian Medicine
_3196
_h6
_q1111-1117
_d1991
_g21
999 _c9594
_d9594